[Event "Los Angeles"]
[Site "Los Angeles"]
[Date "2003.08.22"]
[Round "5"]
[White "Sevillano, Enrico"]
[Black "Kretchetov, Alexandre"]
[Result "1-0"]
[WhiteElo "2490"]
[BlackElo "2335"]
[Annotator "Postny,E"]
[PlyCount "59"]
[EventDate "2003.08.18"]
[EventType "tourn"]
[EventRounds "9"]
[EventCountry "USA"]
[EventCategory "10"]
[SourceTitle "CBM 097"]
[Source "ChessBase"]
[SourceDate "2003.11.11"]
[SourceVersion "1"]
[SourceVersionDate "2003.11.11"]
[SourceQuality "1"]

1. e4 e5 2. Nf3 Nc6 3. d4 exd4 4. Nxd4 Qh4 {Nowadays this risky continuation
appeares rarely on high level.} 5. Nc3 ({The main alternative is} 5. Nb5 {
. For instanse: see the annotated game Mamedov,R-Abdelnnabi,I/Dubai 2001/CBM
83 [Postny]}) 5... Bb4 6. Be2 Qxe4 (6... Nf6 7. O-O Bxc3 8. Nf5 $1 {- see the
commented game Kasimdzhanov,R-Vladimirov,E/Namangan 2000/CBM 82 [Gutman]}) (
6... Nge7 {- see the commented game Reinaldo Castineira,R-Golod,V/Linares 2001/
CBM 82 [Gutman]}) 7. Ndb5 Kd8 {The immediate 7...Bxc3 seems to be more logical.
} (7... Bxc3+ 8. bxc3 Kd8 9. O-O Nf6 10. Be3 (10. Rb1 Re8 11. Bf3 Qf5 12. Nd4
Nxd4 13. cxd4 d5 14. Ba3 b6 15. Re1 Rxe1+ 16. Qxe1 Be6 17. c4 $44 {0-1 Medvegy,
Z-Karpatchev,A/Salzburg 2001/EXT 2002 (65)}) 10... d6 11. Re1 Bd7 12. c4 Ne5
13. Nc3 Qg6 14. c5 Bc6 15. f3 Kc8 16. cxd6 Rd8 $13 {1/2-1/2 Kulaots,K-Bach,M/
Bergen 2002/CBM 89 ext (35)}) 8. O-O Bxc3 9. Nxc3 (9. bxc3 {- see 7...Bxc3 8.
bxc3 Kd8 9.0-0.}) 9... Qd4 10. Bd3 Nge7 (10... Nf6 11. Be3 Qh4 12. g3 Qg4 13.
f3 Qh5 14. g4 Qe5 15. Re1 Nd5 16. Nxd5 Qxd5 17. c4 Qd6 18. Qe2 Nd4 19. Qf2 Ne6
20. Rad1 $16 {1-0 Senff,M-Haas,S/Untergrombach 1995/EXT 99 (28)}) (10... d6 11.
Be3 Qg4 12. Be2 Qd7 13. Nd5 Nge7 14. Nxe7 Qxe7 15. c4 Bd7 16. Rc1 Kc8 17. c5
$16 {1-0 Tindall,B-Stead,K/Canberra 2002/CBM 87 ext (32)}) 11. Qh5 f5 $146 (
11... Rf8 12. Qxh7 $16 {1-0 Berthelot,Y-Bouton,C/Paris 1993/EXT 98 (59)}) 12.
Re1 h6 13. Bd2 {White has very strong compensation for the pawn. Black can not
complete his development normally.} a6 $6 (13... d6 14. Rad1 Qg4 15. Qf7 Qg6 (
15... Ne5 $2 16. Rxe5 $1 dxe5 17. Be2 $18) 16. Qc4 $36) 14. Rad1 {Black's
queen feels uncomfortable in the centre.} g6 15. Qe2 Qg7 16. Na4 {[%cal Gd2c3]}
Rh7 (16... Re8 17. Bc3 Qf8 18. Bc4 $40) 17. Bc3 Qf8 18. Bc4 b6 (18... b5 19.
Nc5 {[%cal Gc5e6]} d6 20. Be6 $40) 19. Qe3 {Threatening to demolish black's
position with Nxb6.} Rb8 20. b4 $1 {White is being quite resourceful during
the attack.} d6 {[%tqu "En","White's position is very attractive. How should
he continue?","","","a4c5","The beginning of devastating attack.",15]} 21. Nc5
$3 {[%mdl 640] The beginning of devastating attack.} bxc5 22. bxc5 d5 (22...
Bd7 23. cxd6 Nc8 (23... cxd6 24. Rxd6 $40) 24. Bg8 $1 $18) 23. Bxd5 Nxd5 24.
Bf6+ $6 ({More convincing was} 24. Rxd5+ Bd7 25. Qe6 Kc8 26. Rxd7 Rxd7 27. Qxc6
$18 {[%cal Rc6a6]}) 24... Re7 (24... Nce7 25. Rxd5+ Ke8 26. Bxe7 Rxe7 27. Re5
Rxe5 28. Qxe5+ Kf7 29. Qxc7+ $18) 25. Rxd5+ Bd7 26. Bxe7+ Nxe7 27. Rdd1 Ke8 ({
More stubborn would have been} 27... c6 28. Qd3 Rb7 (28... Nd5 29. c4 Nf6 30.
Re6 $18) 29. Qxa6 Rc7) 28. Qe5 Rc8 29. Rxd7 Kxd7 30. Qe6+ (30. Qe6+ Kd8 31. c6
$18) 1-0

[Event "Goodricke op 12th"]
[Site "Kolkata"]
[Date "2001.02.10"]
[Round "5"]
[White "Ganguly, Surya Shekhar"]
[Black "Shetty, Rahul"]
[Result "0-1"]
[WhiteElo "2456"]
[BlackElo "2331"]
[Annotator "Postny,E"]
[PlyCount "112"]
[EventDate "2001.02.06"]
[EventType "swiss"]
[EventRounds "11"]
[EventCountry "IND"]
[SourceTitle "CBM 082"]
[Source "ChessBase"]
[SourceDate "2001.05.17"]
[SourceVersion "1"]
[SourceVersionDate "2001.05.17"]
[SourceQuality "1"]

1. e4 e5 2. Nf3 Nc6 3. d4 exd4 4. Nxd4 Nf6 5. Nxc6 bxc6 6. e5 Qe7 7. Qe2 Nd5 8.
c4 Nb6 {Another theoretical line is: 8...Ba6.} 9. Nc3 (9. Nd2) (9. b3) (9. g3)
9... a5 {Besides black has several options:} (9... Qe6) (9... Ba6) (9... g6)
10. Qe4 (10. b3 a4 11. Rb1 axb3 12. axb3 Qe6 13. Qe4 g6 14. Bd3 Bg7 15. f4 O-O
16. O-O d6 17. Qxc6 dxe5 18. Qxe6 Bxe6 19. Be4 Rab8 20. Nb5 $14 {1-0 Maiorov,
O-Frolov,D/Orel 1997/EXT 99 (38)}) 10... g6 11. Bd3 Bg7 12. O-O (12. f4 O-O 13.
O-O d5 $6 (13... Ba6 $132) 14. cxd5 cxd5 15. Nxd5 Qc5+ 16. Be3 Qxd5 17. Bxb6
Qxe4 18. Bxe4 cxb6 19. Bxa8 Ba6 20. Bd5 Bxf1 21. Kxf1 Rd8 22. Rd1 $16 {1/2-1/2
Yakovich,Y-Sokolov,I/Oviedo 1993/CBM 38 ext (37)}) 12... O-O 13. Bf4 $6 $146 {
After this move white has problems with e5 pawn, which not defended properly.}
(13. f4 {[%csl Ge5][%cal Yf4e5]} Ba6 {[%csl Rc4]} 14. Rf2 $2 (14. Kh1 $5) 14...
f5 15. exf6 Qxf6 16. Qe2 Rae8 17. Be3 Qf7 $17 {0-1 Geenen,M-Lane,G/Leuven 1998/
EXT 99 (32)}) 13... Re8 14. Rae1 Ba6 $15 {[%csl Rc4,Re5][%cal Ge7b4,Ge7c5]} 15.
Re2 $2 (15. b3 {was the only reasonable.} d5 16. cxd5 cxd5 17. Qe2 Bxd3 18.
Qxd3 c6 $15 {[%csl Gd5,Re5][%cal Ga5a4]}) 15... Qb4 {[%csl Rc4]} 16. a3 Qc5 {
Black is winning a pawn already.} 17. Qf3 (17. Be3 Qxe5 $17) (17. Rc1 Bxc4 18.
Na4 Bxd3 19. Nxc5 Bxe4 {and black is a pawn up.}) 17... Bxc4 18. Rc1 (18. Ne4
Qb5 {[%csl Re5]}) 18... Bxd3 19. Qxd3 Qc4 20. Qf3 (20. Qd2 $142 $17 {[%cal
Gc3e4]}) 20... Qb3 $1 $19 {[%cal Gb3f3]} 21. h4 Nc4 {Again poor e5 pawn under
attack.} 22. Rce1 h5 23. g4 {Desperate chance.} hxg4 24. Qxg4 Nxb2 25. Qg3 {
[%cal Gh4h5]} (25. Ne4 Nd3 $19) 25... Na4 26. Nxa4 Qxa4 27. Bg5 (27. h5 Re6 {
[%csl Ye6][%cal Ye6g6] parrying all the threats.}) 27... Rab8 28. Re3 Qc2 29.
Rd3 (29. Bf6 Bxf6 30. exf6 Rxe3 31. Qxe3 {[%cal Ge3h6]} (31. Rxe3 Qd1+ 32. Kh2
Rb1 $19 {[%cal Rd1h1,Yd1d6]}) 31... Qf5 $19) 29... Rb1 30. Rde3 Rxe1+ 31. Rxe1
d6 32. f4 (32. Rc1 Qf5 33. exd6 cxd6 34. Qxd6 (34. Rxc6 Re1+ $19) 34... Re4 $19
{[%csl Rg1]}) 32... dxe5 33. fxe5 Qc5+ {winning third pawn!} 34. Qf2 Qxf2+ 35.
Kxf2 Rxe5 36. Rxe5 Bxe5 37. a4 {Still waiting for a miracle.} f5 ({More
technical is:} 37... Bd4+ 38. Kf3 f6 39. Bf4 Bb6 {[%csl Ya5,Yc7][%cal Yb6a5,
Yb6c7,Gg8f7,Gf7e6]}) 38. Ke2 Kf7 (38... Bd4) 39. Bd2 Ke6 40. Bxa5 Kd5 41. Ke3
c5 {White won the a5 pawn, but black still got two extra pawns and active king.
} 42. Be1 c6 43. Bd2 Bc7 44. Ke2 Bb8 45. Ke3 Kc4 46. Be1 Kb3 {Now black gonna
push ahead the "c" pawn.The rest is very simple.} 47. a5 c4 48. a6 c3 49. Kd4
c2 50. Bd2 Kb2 51. Kc5 c1=Q+ 52. Bxc1+ Kxc1 53. Kxc6 Ba7 {This move should not
be forgotten...} 54. Kd5 Kd2 55. Ke5 Bb8+ 56. Kf6 f4 {Finally white resigned.}
0-1

[Event "EU-chT (Men) 14th"]
[Site "Plovdiv"]
[Date "2003.10.17"]
[Round "6.1"]
[White "Kulaots, Kaido"]
[Black "Delchev, Aleksander"]
[Result "0-1"]
[WhiteElo "2530"]
[BlackElo "2603"]
[Annotator "Postny,E"]
[PlyCount "92"]
[EventDate "2003.10.10"]
[EventType "team-swiss"]
[EventRounds "9"]
[EventCountry "BUL"]
[SourceTitle "CBM 098"]
[Source "ChessBase"]
[SourceDate "2004.02.03"]
[SourceVersion "1"]
[SourceVersionDate "2004.02.03"]
[SourceQuality "1"]
[WhiteTeam "Estonia"]
[BlackTeam "Bulgaria"]
[WhiteTeamCountry "EST"]
[BlackTeamCountry "BUL"]

1. e4 e5 2. Nf3 Nc6 3. d4 exd4 4. Nxd4 Nf6 5. Nxc6 bxc6 6. e5 Qe7 7. Qe2 Nd5 8.
c4 Nb6 9. Nd2 a5 10. g3 {This is the most logical way of development.} ({
Another common move is} 10. Qe4) 10... Qe6 ({The immediate} 10... a4 {is
possible as well.}) 11. b3 (11. f4 {- see the annotated game Timman,
J-Johannessen,L/Malmo 2002/CBM 90 [Postny,E]}) 11... a4 12. Bb2 Bb4 13. Bg2 O-O
(13... Ba6 14. f4 O-O-O 15. O-O d5 16. f5 Qh6 17. Rad1 Rhe8 18. Rf4 g5 19. fxg6
Qxg6 20. Nf1 $16 {1-0 Hennigan,M-Ferguson,M/Swansea 1995/EXT 97 (40)}) (13...
a3 14. Bd4 {- see the commented game Hector,J-Wedberg,T/Malmo 2001/CBM 84 
[Postny,E]}) 14. O-O d5 (14... a3 {- see the commented game Shabalov,A-Yurtaev,
L/Elista 1998/CBM 66 ext [Mikhalevski,V]}) 15. cxd5 $2 $146 {This exchange
helps black to develop his play on the queenside.} (15. Nf3 $6 {- see the
commented game Hertneck,G-Holzke,F/Germany 2003/CBM 94 [Postny,E]}) ({The
critical line should be:} 15. f4 Qg6 16. Nf3 Qh5 17. Rfc1 axb3 18. axb3 Rxa1
19. Bxa1 dxc4 20. bxc4 c5 21. Qe4 {1/2-1/2 Kristjansson,S-Gretarsson,H/
Reykjavik 2002/CBM 87 ext (21)}) 15... cxd5 16. Rfc1 Ba6 17. Qd1 c5 {Black
clearly seized the initiative.} 18. Nf3 (18. a3 Bxd2 19. Qxd2 axb3 20. Rxc5 Nc4
21. Qd4 Nxb2 22. Qxb2 Bc4 $17 {[%csl Gb3]}) 18... Rac8 19. h4 $6 ({Nothing
gives} 19. Ng5 Qe7) ({Probably the best chance for white was:} 19. a3 $5 Ba5
20. b4 cxb4 21. axb4 Bxb4 22. Bd4 {with some compensation for the pawn.}) 19...
a3 20. Bc3 Bxc3 21. Rxc3 d4 22. Rcc1 Nd5 {Black captures all the key outposts.
White is out of useful moves.} 23. Qd2 Nc3 24. Re1 (24. Rxc3 dxc3 25. Qxc3 {
This exchange sacrifice was white's last practical chance.}) 24... h6 25. Kh2
Rcd8 26. Qf4 Ne2 27. Qd2 d3 28. Qe3 (28. Qa5 Bb7 29. Qxc5 f6 $1 {[%cal Gf8f2]
and white is collapsing.}) 28... c4 29. bxc4 Qxc4 ({But not} 29... Bxc4 30. Nd2
Bxa2 $2 31. Bh3 f5 32. exf6) 30. Red1 Rfe8 31. Rd2 Rb8 32. Rad1 Nc3 33. Rc1 Rb2
({Good enough was} 33... Rb1 $19) 34. Bf1 $6 (34. Rxd3 Qxd3 35. Qxd3 Bxd3 36.
Rxc3 Be4 $19) (34. Qa7 Rb7 35. Qe3 Rb1 $19) {[%tqu "En","Find the strongest
continuation.","","","c3d5","",10]} 34... Nd5 $1 $19 35. Qe1 (35. Rxc4 Nxe3 $19
) 35... Qxa2 {Black is a pawn up and his pieces control the whole board.} 36.
Ra1 Qb3 (36... Rxd2 37. Nxd2 Qb2 $19) 37. Bg2 Nb4 38. Qe4 Nc2 {Black's "a"
pawn queens. Heavy material losses are inevitable for white.} 39. Rad1 a2 40.
Nd4 Nxd4 41. Qxd4 Rb1 42. Bd5 Qxd5 {The simplest way to conclude the game.} 43.
Qxd5 a1=Q 44. Ra2 Rxd1 45. Rxa1 Rxa1 46. Qc6 Rxe5 0-1

[Event "EU-chT (Men) 14th"]
[Site "Plovdiv"]
[Date "2003.10.17"]
[Round "6.3"]
[White "Sutovsky, Emil"]
[Black "Van den Doel, Erik"]
[Result "1-0"]
[WhiteElo "2646"]
[BlackElo "2609"]
[Annotator "Postny,E"]
[PlyCount "101"]
[EventDate "2003.10.10"]
[EventType "team-swiss"]
[EventRounds "9"]
[EventCountry "BUL"]
[SourceTitle "CBM 098"]
[Source "ChessBase"]
[SourceDate "2004.02.03"]
[SourceVersion "1"]
[SourceVersionDate "2004.02.03"]
[SourceQuality "1"]
[WhiteTeam "Israel"]
[BlackTeam "Netherlands"]
[WhiteTeamCountry "ISR"]
[BlackTeamCountry "NED"]

1. e4 {Hecht,H} e5 2. Nf3 Nc6 3. d4 exd4 4. Nxd4 Nf6 5. Nxc6 bxc6 6. e5 Qe7 7.
Qe2 Nd5 8. c4 Nb6 9. Nc3 Qe6 10. Qe4 d5 {Forcing the exchange of queens. This
continuation is not the most suitable to fight for a win for black, but it is
solid enough.} ({Common alternatives are:} 10... Ba6) ({and} 10... Bb4) 11.
exd6 cxd6 12. Bd3 ({The alternatives are:} 12. Be3 {- 1/2-1/2 Rublevsky,
S-Lautier,J/Halkidiki 2002/CBM 92 [Postny,E] (36)}) (12. Bf4 {- 0-1 Oral,
T-Sokolov,I/Selfoss 2002/CBM 92 [Postny,E] (41)}) 12... Ba6 (12... Qxe4+ 13.
Bxe4 Bb7 (13... Bd7 14. b3 O-O-O 15. O-O Be7 16. Be3 Rhe8 17. Rac1 Kc7 18. Rfd1
Bf6 19. Bf3 Bf5 20. a4 $14 {1/2-1/2 Rublevsky,S-Kunte,A/Bled 2002/EXT 2003 (64)
}) 14. b3 {- see the annotated games Movsesian,S-Kharlov,A/Halkidiki 2002/ CBM
92 [Postny,E] and Rublevsky,S-Sokolov,I/Halkidiki 2002/CBM 92 [Postny,E]}) (
12... f5 13. Qxe6+ Bxe6 14. b3 d5 15. cxd5 Bb4 16. Bd2 Nxd5 17. Nxd5 Bxd2+ 18.
Kxd2 Bxd5 19. Rae1+ Kf7 20. f3 Kf6 21. Kc3 $14 {1/2-1/2 Parligras,M-Rama,L/
Istanbul 2002 (52)}) 13. Be3 Qxe4 14. Bxe4 Rc8 15. c5 $1 $146 {[%mdl 8]} (15.
b3 d5 16. Bf5 Bb4 17. Bd2 Rd8 18. O-O-O dxc4 19. Rhe1+ Kf8 20. Bg5 Rxd1+ 21.
Rxd1 Ba3+ 22. Kc2 Be7 $13 {1/2-1/2 Zhu Chunhui-Qiao Liang/Suzhou 2001/EXT 2002
(41)}) 15... dxc5 (15... Nc4 16. Bd3 Rd8 17. O-O-O Nxe3 18. Rhe1 Bxd3 19. Rxe3+
Kd7 20. Rexd3 Kc7) 16. O-O-O {White has dangerous initiative. Black has to
play very carefully, not to lose the game immediatly.} Be7 17. Bf5 Rd8 18.
Rxd8+ Kxd8 19. Rd1+ Kc7 20. Bf4+ Kb7 21. Re1 Bd8 (21... Bf6 22. Ne4 Bd4 23.
Nd6+ Ka8 24. Bg3 $1 $16 (24. Nxf7 Rf8 25. Bd6 Rxf7 26. Re8+ Bc8 27. Bxc8 Nxc8
28. Rxc8+ Kb7 29. Rb8+ Ka6 30. f3 $14)) 22. Ne4 Bc4 23. Nxc5+ (23. Nd6+ Ka8 24.
Nxc4 Nxc4 25. Re4 Nb6 26. Be5 f6 27. Bd6 $14) 23... Ka8 24. a4 (24. b3 Bd5 25.
Bd3 {[%csl Ra8][%cal Gd3a6,Ga6b7]} a5 $14) 24... g6 25. Be4 Bd5 26. Bd3 {
[%cal Gd3a6]} a5 {Black has managed to avoid the immediate damage, but his
position remains very unpleasant.} 27. f3 h5 28. Bd2 g5 29. Bxa5 $2 {Very
strange decision. This move allows the favourable simplification, which now
follows.} (29. Bc3 Rf8 30. Bf5 $16) {[%tqu "En","How should black continue?",
"","","b6a4","",5]} 29... Nxa4 $1 30. Bb4 Nxc5 31. Bxc5 g4 ({Also possible} 
31... Bf6 $11) 32. Be4 Bg5+ 33. Kc2 Re8 34. Kd3 Bxe4+ (34... gxf3 35. gxf3
Bxe4+ $11) 35. Rxe4 Rxe4 36. fxe4 (36. Kxe4 gxf3 37. Kxf3 Kb7 {This endgame is
drawish, the white king can not capture black's pawns on the kingside.}) 36...
Kb7 {Hecht,H: '[#] Wenn Schwarz zu Ke6 kommt, kann man remis geben. Deshalb
spielt Weiß e5, um zu Kf5 zu kommen.'} 37. e5 $2 {A bad move, but worked out
well!} (37. Be3 $11) 37... Kc7 $2 {'?!' Hecht,H.} (37... Bf4 $1 {[%csl Re5,Rh2]
} 38. Ke4 Bxh2 {'<=>' Hecht,H. Hecht,H: 'war mit Sicherheit besser, egal ob
Weiß'} 39. Kf5 ({Hecht,H: oder} 39. Bf2 {[%csl Rh2]} Ka6 $1 40. Kf5 Kb5 41. g3
Kc4 $19) 39... Bg3 {and white should think about a draw. Hecht,H: 'drohend h4
spielt'}) 38. Ke4 Kd7 39. Kf5 Bc1 ({More accurate is} 39... Bd8) 40. Bd4 {
[%cal Gf5f6]} c5 $2 {The decisive mistake.} ({Black should adopt a waiting
strategy in this endgame. For instance:} 40... Ke7 41. b3 Bd2 42. Bc5+ Ke8 43.
e6 fxe6+ 44. Kxe6 Bf4 45. g3 Bc7 {and black is holding the position.}) 41. Bxc5
{'!?' Hecht,H.} ({In Betracht kam sehr wohl} 41. Bc3 $1 {(Hecht,H) um einen
angreifbaren Bauern mehr auf dem Brett zu behalten. Eine denkbare Variante zur
Illustration der weißen Idee wäre} Ke7 42. b3 Be3 43. Be1 Ke8 44. Kf6 Bd4 45.
Bg3 Be3 {[%csl Gg5]} 46. e6 Bd4+ 47. Be5 fxe6 48. Kxe6 Bf2 49. Kd5 {[%csl Rc5]}
h4 {und nun} 50. Bd6 $1 (50. h3 $5 gxh3 51. gxh3 Kd7 52. Bd6 Bg3 53. Bxc5 Kc7
54. Bd4 Kb7 55. Bc3 Kb6 56. Ke4 Kb5 57. Kf3 Kc5 58. Kg4 {[#]} Bf2 59. Bf6 Kb4
60. Bxh4 Be3 61. Be7+ Kxb3 62. h4 Kc4 63. h5 Kd5 64. Bg5 Bd4 (64... Bxg5 65.
Kxg5 Ke6 66. Kg6 $18) 65. Kf5 Kd6 66. h6 Kd7 67. Bf6 $18) 50... h3 51. g3 ({
Es geht sogar auch} 51. gxh3 gxh3 52. Bxc5 Bg3 53. Bd6 Bf2 54. Kc6 $1 Kd8 55.
b4 Kc8 56. b5 $18) 51... Bg1 52. Bxc5 Bxh2 53. Bf2 $18) 41... Bxb2 {Black's
bishop is on the wrong diagonal.} 42. Kf6 Ke8 (42... Kc6 43. Bd6 Kd5 44. g3 $1
$18 (44. Kxf7 $2 Bxe5 45. Bxe5 Kxe5 46. Kg6 h4 47. g3 hxg3 48. hxg3 Ke6 $8 $11
{[%cal Ge6f7,Gf7g6]})) (42... h4 43. Kf5 h3 44. g3 $18) 43. Be3 $1 {The last
precise move in the game. White is intending to play Be3-f4, followed by
Kf6-g5 capturing both "h" and "g" pawns.} h4 {'?' Hecht,H.} (43... Ba3 $142 $1
{Hecht,H} 44. Kg5 (44. Bf4 Be7+ 45. Kg7 (45. Kf5 Kd7 46. Bh6 (46. Bg5 Bc5)
46... Kc6 47. Bg7 Kd5 48. Bf6 Bc5 49. Kg5 Bg1 50. h3 gxh3 51. gxh3 Bh2 $11)
45... Bf8+ $1 $11 {[%csl Gh6]}) 44... Ke7 45. Kxh5 Ke6 46. Kxg4 Kxe5 47. Kh5
Kf5 {Remis oder hat Weiß einen Gewinn?}) 44. Kf5 g3 45. h3 Kd7 46. Bg5 Bc3 47.
Bxh4 Be1 48. Bg5 Bf2 49. h4 Ke8 50. Bh6 $1 Ke7 51. h5 {[%csl Gh5][%cal Gh6g7,
Gh5h8]} 1-0

[Event "Dortmund SuperGM 38th"]
[Site "Dortmund"]
[Date "2010.07.15"]
[Round "1"]
[White "Ponomariov, Ruslan"]
[Black "Leko, Peter"]
[Result "1-0"]
[WhiteElo "2734"]
[BlackElo "2734"]
[Annotator "Postny,E"]
[PlyCount "113"]
[EventDate "2010.07.15"]
[EventType "tourn"]
[EventRounds "10"]
[EventCountry "GER"]
[EventCategory "20"]
[SourceTitle "CBM 138"]
[Source "ChessBase"]
[SourceDate "2010.09.17"]
[SourceVersion "1"]
[SourceVersionDate "2010.09.17"]
[SourceQuality "1"]

1. e4 e5 2. Nf3 Nc6 3. d4 exd4 4. Nxd4 Nf6 5. Nxc6 bxc6 6. e5 Qe7 7. Qe2 Nd5 8.
c4 Ba6 9. Nd2 g6 10. Nf3 Qb4+ (10... Bg7 11. Bg5 f6 12. exf6 Qxe2+ 13. Bxe2
Nxf6 14. O-O-O {leads to an endgame, where White is slightly better and can
play for a win without any risk thanks to his superior pawn structure.}) 11.
Kd1 {The game has got off the main lines at an early stage. The move in the
text is the only playable one for White.} Rb8 (11... Nb6 {has appeared in the
practice of both human and non-human players.} 12. b3 Bg7 13. Qd2 Qe7 14. Kc2 (
14. Qa5 Bb7 15. Ba3 d6 16. Kc2 O-O 17. c5 Bxe5 18. Nxe5 Qxe5 19. Qe1 Nd5 20.
cxd6 Qf6 $1 21. d7 Rfd8 $17 {1/2-1/2 Baklan,V (2578)-Gyimesi,Z (2602)/Austria
2005/EXT 2006 (37)}) 14... Bb7 15. Bb2 O-O 16. h4 c5 17. Bd3 a5 18. a4 Rfd8 19.
h5 $16 {1-0 RYBKA-PANDIX/Leiden NED 2010/The Week in Chess 812 (43)}) 12. Qc2 (
12. a3 Qb3+ $6 ({Black should avoid the exchange of queens by} 12... Qb7 $13)
13. Qc2 Qxc2+ 14. Kxc2 Nb6 15. b3 $14 {0-1 Langer,M (2280)-Panchanathan,M 
(2533)/Edmonton CAN 2010/The Week in Chess 821 (59)}) 12... Ne7 13. b3 $6 (13.
Qb3 $1 {would have been a clever touch. In general White should go for a
queens swap, especially since his king remains uncastled. In an endgame
Black's structural defects would become more apparent.} {For example:} c5 14.
Bd3 Nc6 15. Bd2 Qb7 16. Qxb7 Bxb7 17. Be4 Bg7 18. Bc3 O-O 19. Re1 $14) 13...
Bg7 14. Bd2 Qb6 {Provoking the move that now follows...} 15. c5 {Otherwise
Black would play c6-c5 himself, followed by Ne7-c6 with an excellent position.}
Qb7 16. Bxa6 Qxa6 17. Qc4 {White is ready to spoil his own structure, just to
swap queens.} Qxc4 {In the forthcoming endgame Black is objectively not worse,
but he wasn't forced to go for it.} (17... Qa3 {lIt ooks a bit strange to put
the queen in such an awkward place but, as I mentioned before, Black should
try to avoid the queen exchange.} {I don't see anything better for White than
a repetition:} 18. Bc1 (18. Ke2 O-O 19. Rhd1 Nd5 {and Black is not worse.})
18... Qa5 19. Bd2 Qa3 $11) 18. bxc4 h6 {[%cal Gg6g5]} 19. h4 d5 (19... f6 $5 {
was an option to activate the bishop.} 20. Bc3 fxe5 21. Bxe5 Bxe5 22. Nxe5 O-O
23. Nd3 d5 $11) 20. cxd6 cxd6 21. Bc3 d5 22. Kc2 c5 $6 {I wouldn't move this
pawn at all, as it might become a target.} (22... dxc4 23. Rhb1 O-O 24. Rxb8
Rxb8 25. Nd2 Nd5 26. Nxc4 Nxc3 27. Kxc3 f6 $11) 23. Rab1 O-O 24. Rxb8 Rxb8 25.
cxd5 Nxd5 26. Rd1 Nb4+ 27. Bxb4 cxb4 $6 {The activation of the rook is more
important than the structure.} (27... Rxb4 28. Rd8+ Bf8 29. e6 fxe6 30. Ne5 Kg7
31. g3 Ra4 32. Kb3 Rb4+ 33. Kc3 Ra4 $11) 28. Kb3 Bf8 $2 {Only this is a
serious mistake. Black should always keep an eye on Pe5. Now White's knight
will become active.} (28... Rc8 $1 29. Kxb4 (29. Rd5 Rc1 30. Kxb4 Rc2 31. Rd2 {
would lead to the same position.}) 29... Rc2 30. Rd2 Rxd2 31. Nxd2 Bxe5 {
White's king is enormously active, but Black's bishop is superior to the
knight, so the result here should be a draw.}) 29. Rd7 a5 (29... Bc5 30. Nd4
Kf8 31. e6 Bxd4 32. Rxd4 fxe6 33. Rg4 Kf7 34. Rxb4 Rd8 35. Rb7+ Kf6 36. Rxa7
Rd2 37. Ra8 $1 {and White should win.}) 30. Nd2 Rc8 31. Ne4 {All White's
pieces are better than their counterparts.} Bg7 {Admitting the mistake...} 32.
Rd5 Re8 (32... Ra8 {would be miserable.}) 33. f4 f6 34. Nd6 Rd8 35. Rxa5 fxe5
36. fxe5 Bxe5 37. Rxe5 Rxd6 38. Kxb4 $18 {The endgame is won for White. The
a-pawn is supported by both White's remaining pieces.} Rd2 (38... Rd4+ 39. Kb5
Rxh4 40. a4 $18) 39. a4 Rxg2 40. a5 Ra2 41. Kb5 Kf7 {Black's counterplay is
not in time.} 42. a6 Kf6 43. Re4 {[%cal Ge4a4] Building the typical "bridge".}
g5 44. Ra4 Rb2+ 45. Ka5 Rb8 46. h5 $1 Rg8 47. a7 g4 48. Kb6 Kg5 (48... g3 49.
a8=Q Rxa8 50. Rxa8 Kf5 51. Rg8 Kf4 52. Rg6 $18) 49. a8=Q Rxa8 50. Rxa8 Kxh5 51.
Kc5 Kg5 52. Kd4 Kf4 53. Kd3 Kf3 54. Rf8+ Kg2 55. Ke2 g3 56. Rh8 Kg1 57. Kf3 1-0